000 00525pam a2200193 a 4500
020 _a8181479009
_c525.00
041 _aeng
_hNULL
082 _a618.2
_bMAU/HAS
100 _aMAUTLE, J .
245 _aPHYSIOTHERAPY IN OBST & GYNAECOLOGY /
_cNULL.
_hTextual Documents
250 _a2 /
_b.
260 _aNULL :
_bBUTTERWORTH HEINEMANN ,
_c2005.
300 _a489 :
_bXXIII ;
_cNULL .
365 _a525.00
700 _aHASLAM, J .
_aBARTON, S .
930 _a1405
999 _c795941
_d795941
650 _aOBST.GYNE